000 00858nam a2200253 i 4500
001 89747
003 ES-MaACL
005 20230906180247.0
007 t|
008 050112s1973 sp ||||1| spa d
100 1 _aLauzel, Pierre.
_970673
245 1 0 _aContabilidad analítica de explotación /
_cpor P. Lauzel, A. Cibert ; [traducción, Pilar G. de Enterría de Laforgue ; revisión, Arturo Fuentes Gracia].
250 _a2ª ed.
260 _aMadrid :
_bCompi,
_c[1973]
300 _a272 p. ;
_c24 cm.
490 1 _aPlan General de Contabilidad ;
_v4
650 0 4 _aContabilidad.
_911307
700 1 _aCibert, A.
_938741
700 1 _aEnterria de Laforgue, G. de.
_947306
700 1 _aFuentes Gracia, Arturo.
_952924
830 0 _aPlan General de Contabilidad ;
_v4
_9231908
852 _aES-MaACL
_jC-55590
_bR.88483
999 _c89747
_d89747